[Event "GCT 2021 Parigi - Blitz"]
[Site "Parigi"]
[Date "21.06.2021"]
[Round "6B"]
[White "Rapport, Richard"]
[Black "Firouzja, Alireza"]
[Result "0-1"]
[WhiteTitle "GM"]
[BlackTitle "GM"]
[WhiteElo "2763"]
[BlackElo "2759"]
[WhiteFideId "738590"]
[BlackFideId "12573981"]
[EventDate "2021.06.21"]

1. Nf3 c5 2. c4 Nc6 3. d4 cxd4 4. Nxd4 Nf6 5. g3 d6 6. Bg2 Bd7 7. Nc3 g6 8. Nxc6
bxc6 9. e4 Bg7 10. Qe2 Bg4 11. Qd3 Nd7 12. b3 Ne5 13. Qe3 Qa5 14. Bd2 Qc5 15.
Qxc5 dxc5 16. O-O Rd8 17. Be3 Nxc4 18. bxc4 Bxc3 19. Rab1 Bd4 20. e5 O-O 21. Bh6
Bxe5 22. Bxf8 Kxf8 23. h3 Bf5 24. Rfd1 Bd4 25. Rbc1 Rb8 26. Rd2 Rb6 27. g4 Be6
28. Bf3 Ra6 29. Kg2 Kg7 30. Be2 Ra4 31. Rdc2 Rb4 32. Bf3 Rb6 33. Re2 Ra6 34.
Rec2 Bf6 35. Rb1 Be5 36. Rb7 Bd6 37. Be4 h5 38. gxh5 gxh5 39. Bf3 Ra3 40. Rb3
Ra4 41. Be2 h4 42. Rbc3 Be5 43. Rb3 Bd4 44. Rb7 Bf5 45. Rd2 Kf6 46. Rc7 e6 47.
Bf3 Rxc4 48. Rxa7 Rc3 49. Re2 e5 50. Ra6 e4 51. Bxe4 Bxh3+ 52. Kg1 Bg4 53. Re1
Kg5 54. Rxc6 f5 55. Bg2 Rc2 56. Rf1 Be2 57. Kh1 Bxf1 58. Bxf1 Rxf2 59. Bc4 h3
60. Rc8 Rc2 61. Bb3 Re2 62. Rg8+ Kh4 63. a4 Be5 64. a5 h2 65. Bc4 Re1+ 0-1

[Event "GCT 2021 Parigi - Blitz"]
[Site "Parigi"]
[Date "21.06.2021"]
[Round "6B"]
[White "So, Wesley"]
[Black "Kramnik, Vladimir"]
[Result "1/2-1/2"]
[WhiteTitle "GM"]
[BlackTitle "GM"]
[WhiteElo "2770"]
[BlackElo "2753"]
[WhiteFideId "5202213"]
[BlackFideId "4101588"]
[EventDate "2021.06.21"]

1. e4 e5 2. Nf3 Nc6 3. Bc4 Bc5 4. c3 Nf6 5. d3 d6 6. Bg5 a6 7. Nbd2 Ba7 8. a4
O-O 9. h3 Kh8 10. Bh4 Ne7 11. Bg3 Ng6 12. Bh2 Qe7 13. O-O Be6 14. Bxe6 Qxe6 15.
Re1 Nd7 16. d4 f5 17. dxe5 Ndxe5 18. Nd4 Bxd4 19. cxd4 Nd3 20. Re3 fxe4 21. f3
d5 22. fxe4 dxe4 23. Nxe4 Nf2 24. Qe2 Rae8 25. Re1 Nxe4 26. Rxe4 Qxe4 27. Qxe4
Rxe4 28. Rxe4 c6 29. Bd6 Rd8 30. Bc7 Rc8 31. Bd6 Kg8 32. Re3 Kf7 33. Kf2 Rd8 34.
Bc5 Re8 35. Rb3 b5 36. Rf3+ Ke6 37. Re3+ Kd7 38. Rf3 Ke6 39. Re3+ Kd7 40. Rf3 1/2-1/2

[Event "GCT 2021 Parigi - Blitz"]
[Site "Parigi"]
[Date "21.06.2021"]
[Round "6B"]
[White "Nepomniachtchi, Ian"]
[Black "Aronian, Levon"]
[Result "1-0"]
[WhiteTitle "GM"]
[BlackTitle "GM"]
[WhiteElo "2792"]
[BlackElo "2781"]
[WhiteFideId "4168119"]
[BlackFideId "13300474"]
[EventDate "2021.06.21"]

1. c4 Nf6 2. Nf3 e6 3. g3 d5 4. Bg2 dxc4 5. Qa4+ Bd7 6. Qxc4 c5 7. Ne5 Qc8 8.
Qd3 Bc6 9. Nxc6 Nxc6 10. Nc3 Be7 11. O-O O-O 12. b3 Rd8 13. Qb1 Nd5 14. Nxd5
exd5 15. Bb2 Qe6 16. e3 Bf6 17. Rc1 b6 18. a3 a5 19. Bxf6 Qxf6 20. Qd3 g6 21.
Rab1 Rac8 22. Qb5 Ne7 23. b4 axb4 24. axb4 c4 25. d3 cxd3 26. Qxd3 Rxc1+ 27.
Rxc1 Qb2 28. Rb1 Qe5 29. Qb5 Qe6 30. Rd1 Kg7 31. h4 h5 32. Rd4 Qc6 33. Qd3 Qc1+
34. Kh2 Qb2 35. Rf4 Rd6 36. e4 d4 37. Qf3 Qa2 38. e5 Rd8 39. Rf6 Nf5 40. Bh3 Qd5
41. Qf4 Nh6 42. e6 fxe6 43. Rxe6 Rf8 44. Re7+ Rf7 45. Be6 Ng4+ 46. Kg1 Qxe6 47.
Rxe6 Rxf4 48. gxf4 Nh6 49. Rxb6 Nf5 50. b5 Kf7 51. Rc6 d3 52. Rc3 Nd4 53. Rxd3
Nxb5 54. f5 gxf5 55. Rd5 Nc3 56. Rxf5+ Kg6 57. Re5 Na4 58. Kg2 Nb2 59. Kf3 Nc4
60. Rc5 Nd2+ 61. Kf4 Nb3 62. Rd5 1-0

[Event "GCT 2021 Parigi - Blitz"]
[Site "Parigi"]
[Date "21.06.2021"]
[Round "6B"]
[White "Caruana, Fabiano"]
[Black "Svidler, Peter"]
[Result "1/2-1/2"]
[WhiteTitle "GM"]
[BlackTitle "GM"]
[WhiteElo "2820"]
[BlackElo "2714"]
[WhiteFideId "2020009"]
[BlackFideId "4102142"]
[EventDate "2021.06.21"]

1. e4 c5 2. Nf3 d6 3. d4 cxd4 4. Nxd4 Nf6 5. Nc3 a6 6. Be2 e6 7. Be3 Be7 8. f4
Qc7 9. g4 d5 10. exd5 Bb4 11. Bf3 Nxd5 12. Bxd5 Bxc3+ 13. bxc3 exd5 14. Qd3 O-O
15. O-O-O Re8 16. Rde1 Nd7 17. Nf5 Nc5 18. Qxd5 Bxf5 19. Qxc5 Qxc5 20. Bxc5 Bxg4
21. Rhg1 Rxe1+ 22. Rxe1 Bf3 23. Re7 Bc6 24. Bb6 f6 25. Kd2 h5 26. Ke3 Kh7 27. f5
Re8 28. Rxe8 Bxe8 29. h4 Bd7 30. Kf4 Ba4 31. a3 Bxc2 32. Bc5 Bd3 33. Bd6 Bc2 34.
Bc5 Bd3 35. Bd6 Bc2 1/2-1/2

[Event "GCT 2021 Parigi - Blitz"]
[Site "Parigi"]
[Date "21.06.2021"]
[Round "6B"]
[White "Radjabov, Teimour"]
[Black "Vachier-Lagrave, Maxime"]
[Result "1/2-1/2"]
[WhiteTitle "GM"]
[BlackTitle "GM"]
[WhiteElo "2765"]
[BlackElo "2760"]
[WhiteFideId "13400924"]
[BlackFideId "623539"]
[EventDate "2021.06.21"]

1. Nf3 c5 2. b3 Nf6 3. Bb2 Nc6 4. c4 d5 5. cxd5 Nxd5 6. a3 Bg4 7. e3 e6 8. Be2
Be7 9. Bxg7 Rg8 10. Bb2 Bf6 11. Nc3 Nxc3 12. dxc3 Qc7 13. Qd3 Bf5 14. e4 Bg6 15.
O-O Bh5 16. Rad1 Rd8 17. Qe3 Qb6 18. Rxd8+ Bxd8 19. b4 cxb4 20. Qxb6 Bxb6 21.
cxb4 Bg6 22. Bd3 Bh5 23. Ne5 Nxe5 24. Bxe5 Ke7 25. Rc1 Rd8 26. Rc3 f6 27. Bf4 e5
28. Be3 Bxe3 29. fxe3 Bg6 30. Kf2 Rd6 31. g4 Rc6 32. Rxc6 bxc6 33. h4 h6 34. Ke2
Kd6 35. Kd2 Bf7 36. Kc3 Be6 37. Be2 Kc7 38. a4 Kb6 39. a5+ Kc7 40. Kc2 Kd6 41.
Kc3 Kc7 42. Kc2 Kd6 43. Kc3 Kc7 1/2-1/2

[Event "GCT 2021 Parigi - Blitz"]
[Site "Parigi"]
[Date "21.06.2021"]
[Round "7B"]
[White "Vachier-Lagrave, Maxime"]
[Black "Rapport, Richard"]
[Result "1/2-1/2"]
[WhiteTitle "GM"]
[BlackTitle "GM"]
[WhiteElo "2760"]
[BlackElo "2763"]
[WhiteFideId "623539"]
[BlackFideId "738590"]
[EventDate "2021.06.21"]

1. e4 c5 2. Nf3 e6 3. c3 d5 4. e5 Nc6 5. d4 Qb6 6. Be2 cxd4 7. cxd4 Nge7 8. Na3
Bd7 9. O-O Nb4 10. h4 Rc8 11. h5 h6 12. Bf4 a6 13. Qd2 Nec6 14. Rfc1 Be7 15. Be3
Kd8 16. Rc3 Na7 17. Nc2 Nxc2 18. Qxc2 Bb5 19. Rc1 Kd7 20. Bxb5+ axb5 21. Rxc8
Rxc8 22. Qh7 Rxc1+ 23. Bxc1 Bf8 24. g4 Nc6 25. Be3 Qd8 26. Qg8 Qe8 27. g5 Ne7
28. gxh6 Nxg8 29. h7 Ne7 30. h8=Q Nf5 31. Kg2 Be7 32. Qh7 Qc8 33. Bg5 Qc2 34.
Qg8 Qe4 35. Bxe7 Kxe7 36. Qc8 Nh4+ 37. Kh3 Qxf3+ 38. Kxh4 Qxf2+ 39. Kh3 Qf3+ 40.
Kh4 Qe4+ 41. Kg3 Qe3+ 42. Kg2 Qe2+ 43. Kg3 Qd3+ 44. Kg2 Qe4+ 45. Kg3 Qe1+ 46.
Kg2 Qd2+ 47. Kf3 Qd3+ 48. Kg2 Qe4+ 49. Kg3 Qe3+ 50. Kg2 Qg5+ 51. Kf2 Qh4+ 52.
Kf1 Qf4+ 53. Ke1 Qe3+ 54. Kf1 Qf3+ 55. Kg1 Qd1+ 56. Kg2 Qg4+ 57. Kf1 Qf4+ 58.
Kg2 Qd2+ 59. Kg3 Qe3+ 1/2-1/2

[Event "GCT 2021 Parigi - Blitz"]
[Site "Parigi"]
[Date "21.06.2021"]
[Round "7B"]
[White "Svidler, Peter"]
[Black "Radjabov, Teimour"]
[Result "1-0"]
[WhiteTitle "GM"]
[BlackTitle "GM"]
[WhiteElo "2714"]
[BlackElo "2765"]
[WhiteFideId "4102142"]
[BlackFideId "13400924"]
[EventDate "2021.06.21"]

1. b3 b6 2. e4 Bb7 3. Nc3 e6 4. Qe2 Nc6 5. Bb2 Bc5 6. O-O-O Qe7 7. Kb1 Nf6 8.
Nb5 O-O 9. d4 Bb4 10. d5 exd5 11. exd5 Qxe2 12. Bxe2 Ne7 13. Bxf6 gxf6 14. Nxc7
Rac8 15. Bf3 d6 16. Nb5 Rc5 17. c4 Rd8 18. a3 Ba5 19. Ne2 a6 20. Nbd4 Rcc8 21.
b4 Bxb4 22. axb4 Rxc4 23. Nc2 Rdc8 24. Rd2 a5 25. bxa5 bxa5 26. Ne3 Rb4+ 27. Rb2
Ba6 28. Rxb4 axb4 29. Nd4 Ng6 30. Rc1 Ra8 31. Be4 Nf4 32. Rc6 Bb7 33. Rxd6 Re8
34. f3 h5 35. Rxf6 Nd3 36. Nef5 Nc5 37. Nd6 Rd8 38. Nxb7 Nxb7 39. Nf5 Nc5 40.
Rc6 Na4 41. Kc2 1-0

[Event "GCT 2021 Parigi - Blitz"]
[Site "Parigi"]
[Date "21.06.2021"]
[Round "7B"]
[White "Aronian, Levon"]
[Black "Caruana, Fabiano"]
[Result "1/2-1/2"]
[WhiteTitle "GM"]
[BlackTitle "GM"]
[WhiteElo "2781"]
[BlackElo "2820"]
[WhiteFideId "13300474"]
[BlackFideId "2020009"]
[EventDate "2021.06.21"]

1. d4 Nf6 2. Nf3 d5 3. Bf4 e6 4. e3 Bd6 5. Nbd2 O-O 6. Bd3 c5 7. c3 Bxf4 8. exf4
b6 9. Qe2 a5 10. O-O Ba6 11. Bxa6 Nxa6 12. Ne5 Qd6 13. h4 cxd4 14. cxd4 Rfc8 15.
Rfc1 Nb4 16. Ndf3 Nc6 17. Qb5 Qb4 18. Qxb4 Nxb4 19. Rc3 Ne4 20. Rb3 b5 21. a3
Nc2 22. Rd1 b4 23. a4 Rc7 24. h5 Rac8 25. g3 f6 26. Ng4 Kf7 27. Kg2 Rc4 28. Rbd3
Nd6 29. h6 Nf5 30. hxg7 h5 31. Ngh2 Kxg7 32. Nf1 Kf7 33. N1d2 Rxd4 34. Nxd4
Ncxd4 35. Nf3 Nxf3 36. Kxf3 Nd6 37. Re1 Rc2 38. Re2 Rc1 39. Kg2 Nf5 40. Rdd2 Rc4
41. Rc2 Ke7 42. Rxc4 dxc4 43. Re4 Nd6 44. Rd4 b3 45. Kf3 c3 46. bxc3 b2 47. Rd1
Nc4 48. Ke4 Nd2+ 49. Kd3 b1=Q+ 50. Rxb1 Nxb1 51. Kc2 Na3+ 52. Kb3 Nb1 53. Kc2
Na3+ 54. Kb3 Nb1 55. Kc2 Na3+ 1/2-1/2

[Event "GCT 2021 Parigi - Blitz"]
[Site "Parigi"]
[Date "21.06.2021"]
[Round "7B"]
[White "Kramnik, Vladimir"]
[Black "Nepomniachtchi, Ian"]
[Result "0-1"]
[WhiteTitle "GM"]
[BlackTitle "GM"]
[WhiteElo "2753"]
[BlackElo "2792"]
[WhiteFideId "4101588"]
[BlackFideId "4168119"]
[EventDate "2021.06.21"]

1. c4 Nf6 2. g3 e6 3. Bg2 d5 4. Nf3 dxc4 5. Qa4+ Bd7 6. Qxc4 c5 7. Ne5 Qc8 8.
O-O Nc6 9. Nxd7 Qxd7 10. Nc3 Rc8 11. Qa4 Be7 12. d3 O-O 13. Bd2 Rfd8 14. Rfd1 b6
15. Rac1 Nd5 16. Nxd5 exd5 17. e3 Bf8 18. Bc3 d4 19. exd4 Nxd4 20. Qxd7 Rxd7 21.
Bh3 Ne2+ 22. Kf1 Nxc1 23. Bxd7 Rd8 24. Rxc1 Rxd7 25. Ke2 f5 26. a4 Kf7 27. Bd2
Ke6 28. Rc4 Kd5 29. Bc3 g6 30. h3 a6 31. Bd2 b5 32. axb5 axb5 33. Rc2 Ra7 34.
Be3 Ra4 35. Kd1 Bd6 36. Re2 f4 37. gxf4 Bxf4 38. Kc2 Bd6 39. Bg5 Be5 40. f3 Ra1
41. Bc1 Ra7 42. f4 Bd6 43. Re8 Rf7 44. Rh8 Re7 45. Kd1 Bc7 46. Bd2 Kd4 47. Kc2
b4 48. Rc8 b3+ 49. Kxb3 Kxd3 50. Bc3 c4+ 51. Ka4 Bxf4 52. Rd8+ Ke3 53. Kb5 Re4
54. Bd2+ Kf3 55. Bc3 h5 56. Bd4 g5 57. Kc5 g4 58. hxg4 hxg4 59. Rf8 g3 60. Kd5
g2 61. Rg8 Rxd4+ 62. Kxd4 Bg3 63. Rf8+ Ke2 64. Re8+ 0-1

[Event "GCT 2021 Parigi - Blitz"]
[Site "Parigi"]
[Date "21.06.2021"]
[Round "7B"]
[White "Firouzja, Alireza"]
[Black "So, Wesley"]
[Result "0-1"]
[WhiteTitle "GM"]
[BlackTitle "GM"]
[WhiteElo "2759"]
[BlackElo "2770"]
[WhiteFideId "12573981"]
[BlackFideId "5202213"]
[EventDate "2021.06.21"]

1. d4 Nf6 2. Bg5 d5 3. e3 c5 4. Bxf6 gxf6 5. dxc5 Nc6 6. Bb5 e6 7. c4 dxc4 8.
Nd2 Bxc5 9. Ngf3 c3 10. bxc3 O-O 11. O-O f5 12. Nd4 Bd7 13. Rb1 Rc8 14. Qh5 Qf6
15. Rfd1 Qg6 16. Qe2 Rfd8 17. N2f3 Qf6 18. e4 Bb6 19. exf5 Nxd4 20. cxd4 Qxf5
21. Bd3 Qf6 22. Qe4 h6 23. Qg4+ Qg7 24. Qh4 Ba4 25. Re1 Bxd4 26. Re4 Bf6 27. Qh3
Rxd3 28. Rg4 Bg5 29. Rxa4 Qb2 30. Rf1 Rc1 31. g4 Rxf1+ 32. Kxf1 Qb5 0-1

[Event "GCT 2021 Parigi - Blitz"]
[Site "Parigi"]
[Date "21.06.2021"]
[Round "8B"]
[White "Rapport, Richard"]
[Black "So, Wesley"]
[Result "1/2-1/2"]
[WhiteTitle "GM"]
[BlackTitle "GM"]
[WhiteElo "2763"]
[BlackElo "2770"]
[WhiteFideId "738590"]
[BlackFideId "5202213"]
[EventDate "2021.06.21"]

1. Nf3 d5 2. g3 g6 3. c4 dxc4 4. Na3 Bg7 5. Nxc4 Nc6 6. d3 e5 7. Bd2 Nge7 8. h4
h6 9. Bc3 f6 10. Qb3 a5 11. a4 Be6 12. Bh3 Bxh3 13. Rxh3 b6 14. O-O-O Qd5 15. e4
Qe6 16. Rhh1 h5 17. Nxa5 Qxb3 18. Nxb3 Rxa4 19. Kc2 Kf7 20. Ra1 Rha8 21. Rxa4
Rxa4 22. Rd1 Nc8 23. d4 Nd6 24. dxe5 fxe5 25. Nbd2 Bf6 26. b3 Ra2+ 27. Kb1 Ra8
28. Rc1 Nb5 29. Nc4 Ke6 30. Ne3 Ne7 31. Bb2 Rd8 32. Rc4 Ra8 33. Rc1 Rd8 34. Rc4
Ra8 35. Rc1 Rd8 1/2-1/2

[Event "GCT 2021 Parigi - Blitz"]
[Site "Parigi"]
[Date "21.06.2021"]
[Round "8B"]
[White "Nepomniachtchi, Ian"]
[Black "Firouzja, Alireza"]
[Result "0-1"]
[WhiteTitle "GM"]
[BlackTitle "GM"]
[WhiteElo "2792"]
[BlackElo "2759"]
[WhiteFideId "4168119"]
[BlackFideId "12573981"]
[EventDate "2021.06.21"]

1. e4 c5 2. Nf3 Nc6 3. c3 Nf6 4. e5 Nd5 5. d4 cxd4 6. Bc4 Nb6 7. Bb3 g6 8. Ng5
Nxe5 9. Qxd4 f6 10. Qxe5 d5 11. Qe2 fxg5 12. Bxg5 Bg7 13. O-O Qd6 14. Na3 Bd7
15. Rad1 e6 16. Nb5 Bxb5 17. Qxb5+ Qd7 18. Qb4 h6 19. Bh4 g5 20. Bg3 Qe7 21. Bd6
Qd7 22. Rfe1 O-O-O 23. Rxe6 Qxe6 24. Qc5+ Kd7 25. Qc7+ Ke8 26. Qxg7 Rg8 27. Qxb7
Rxd6 28. Qxa7 Kf8 29. a4 Nd7 30. Bxd5 Kg7 31. c4 Qf6 32. c5 Re8 33. cxd6 Qxd6
34. g3 Re7 35. Bf3 Qe6 36. Qd4+ Ne5 37. Bg2 Rd7 38. Bd5 Qf6 39. Qe4 Re7 40. Kg2
h5 41. a5 h4 42. a6 h3+ 43. Kg1 Qxa6 44. Qf5 Qh6 45. Bb3 Qh5 46. Kh1 Ng4 47. Rf1
Nf6 48. Qd3 Qe8 49. f3 Re3 50. Qf5 Rxb3 51. Qxg5+ Kf7 52. Qh4 Qe6 53. Qd4 Qe2
54. Qf2 Qb5 55. Rb1 Qd5 56. Rf1 Ng4 57. Qe2 Ne5 58. Qe4 Qxe4 59. fxe4+ Ke6 60.
Rf2 Ng4 61. Re2 Rd3 62. Re1 Rd2 63. Rb1 Rxh2+ 64. Kg1 Rg2+ 65. Kf1 Ne3+ 0-1

[Event "GCT 2021 Parigi - Blitz"]
[Site "Parigi"]
[Date "21.06.2021"]
[Round "8B"]
[White "Caruana, Fabiano"]
[Black "Kramnik, Vladimir"]
[Result "1/2-1/2"]
[WhiteTitle "GM"]
[BlackTitle "GM"]
[WhiteElo "2820"]
[BlackElo "2753"]
[WhiteFideId "2020009"]
[BlackFideId "4101588"]
[EventDate "2021.06.21"]

1. d4 Nf6 2. c4 e6 3. Nc3 Bb4 4. e3 O-O 5. Bd3 d5 6. Nf3 dxc4 7. Bxc4 c5 8. O-O
b6 9. a3 Bxc3 10. bxc3 Bb7 11. Bb2 Qc7 12. Rc1 Rd8 13. Re1 Nc6 14. Bf1 Ne7 15.
h3 Rac8 16. Bd3 Be4 17. Bxe4 Nxe4 18. c4 Ng6 19. Qd3 Nf6 20. Red1 e5 21. Qf5
exd4 22. exd4 Qf4 23. Qxf4 Nxf4 24. Kf1 cxd4 25. Nxd4 h5 26. f3 Kh7 27. Kf2 Rd7
28. h4 Rcd8 29. g3 Ng6 30. c5 bxc5 31. Rxc5 Ne7 32. Re1 Rb8 33. Ba1 Ned5 34. Rd1
Rbb7 35. Nf5 Rbc7 36. Rdc1 Rb7 37. Ra5 Kg6 38. Nd4 Ne7 39. Rg5+ Kh7 40. Re1 Rd5
41. Rge5 Ng6 42. Rxd5 Nxd5 43. Nf5 f6 44. Bd4 Nge7 45. Nd6 Rd7 46. Bc5 Nc6 47.
Rd1 Nc3 48. Rc1 Na4 49. Ne4 Ne5 50. Ke2 Nd3 51. Rc4 Naxc5 52. Nxc5 Nxc5 53. Rxc5
Kg6 54. Ra5 Rb7 55. Ke3 Rb3+ 56. Ke4 Rb7 57. Kf4 Rc7 58. Ke3 Rc3+ 59. Ke4 Rc7
60. Kd4 Rb7 61. Ke4 Rc7 62. Ke3 Rb7 63. g4 hxg4 64. fxg4 Rb3+ 65. Kf4 Rb7 66.
h5+ Kh6 67. Kf5 Re7 68. Kf4 g6 69. hxg6 Kxg6 70. Ra6 Kf7 71. Kg3 Kg6 72. Kf3 Kg5
73. Ra5+ Kg6 74. Kf4 Rc7 75. Ra6 Rc4+ 76. Kg3 Rc7 77. a4 Rb7 78. Ra5 Rc7 79. Ra6
Rb7 80. Kf4 Rb4+ 81. Kf3 Rb7 82. Kf4 Rb4+ 83. Kf3 1/2-1/2

[Event "GCT 2021 Parigi - Blitz"]
[Site "Parigi"]
[Date "21.06.2021"]
[Round "8B"]
[White "Radjabov, Teimour"]
[Black "Aronian, Levon"]
[Result "0-1"]
[WhiteTitle "GM"]
[BlackTitle "GM"]
[WhiteElo "2765"]
[BlackElo "2781"]
[WhiteFideId "13400924"]
[BlackFideId "13300474"]
[EventDate "2021.06.21"]

1. d4 Nf6 2. c4 e6 3. Nf3 d5 4. Nc3 Bb4 5. g3 O-O 6. Bg2 dxc4 7. O-O Nc6 8. a3
Be7 9. e4 a6 10. Bf4 b5 11. Qd2 Na5 12. Rad1 c5 13. Qc2 Qb6 14. d5 Bb7 15. d6
Bd8 16. e5 Nd7 17. Rfe1 Nb3 18. Be3 Rc8 19. Ne4 h6 20. g4 f5 21. exf6 Nxf6 22.
Ne5 Bxe4 23. Bxe4 Nd4 24. Qb1 Qxd6 25. Bg2 Bc7 26. f4 Nd5 27. Qg6 Nxf4 28. Bxf4
Rxf4 29. g5 Ne2+ 0-1

[Event "GCT 2021 Parigi - Blitz"]
[Site "Parigi"]
[Date "21.06.2021"]
[Round "8B"]
[White "Vachier-Lagrave, Maxime"]
[Black "Svidler, Peter"]
[Result "0-1"]
[WhiteTitle "GM"]
[BlackTitle "GM"]
[WhiteElo "2760"]
[BlackElo "2714"]
[WhiteFideId "623539"]
[BlackFideId "4102142"]
[EventDate "2021.06.21"]

1. c4 g6 2. e4 e5 3. d4 Nf6 4. dxe5 Nxe4 5. Bd3 Nc5 6. Nf3 d6 7. Bc2 Nc6 8. exd6
Qxd6 9. Qe2+ Qe7 10. Be3 Bg4 11. Nc3 Bxf3 12. Qxf3 Nd4 13. Qd1 O-O-O 14. Nd5
Nxc2+ 15. Qxc2 Qe4 16. O-O-O c6 17. Nc3 Qxc2+ 18. Kxc2 Rxd1 19. Rxd1 a6 20. b4
Ne6 21. a3 b5 22. c5 Be7 23. a4 Rd8 24. Ra1 Kb7 25. axb5 axb5 26. Ne4 Ra8 27.
Rd1 Rd8 28. Nd6+ Bxd6 29. cxd6 Ra8 30. Kb3 Kc8 31. Bc5 Kd7 32. Re1 Ra6 33. g3 h5
34. h4 f5 35. f3 Ra8 36. Rg1 Ra4 37. Rc1 Ra8 38. Re1 Ra6 39. Kb2 Ra8 40. Rg1 Ra4
41. Rc1 Nxc5 42. bxc5 f4 43. gxf4 Rxf4 44. Kb3 Rxh4 45. Rg1 Rc4 46. Rg5 h4 47.
f4 h3 48. Rxg6 Rxc5 49. Rh6 Rf5 50. Rxh3 Rxf4 51. Rd3 Rf6 52. Kb4 Rxd6 53. Rh3
Rd4+ 54. Kc5 Rc4+ 55. Kb6 b4 56. Rd3+ Ke6 57. Ka5 c5 58. Ka4 Ke5 59. Kb3 Rd4 60.
Rh3 Re4 61. Rd3 c4+ 0-1

[Event "GCT 2021 Parigi - Blitz"]
[Site "Parigi"]
[Date "21.06.2021"]
[Round "9B"]
[White "Svidler, Peter"]
[Black "Rapport, Richard"]
[Result "1-0"]
[WhiteTitle "GM"]
[BlackTitle "GM"]
[WhiteElo "2714"]
[BlackElo "2763"]
[WhiteFideId "4102142"]
[BlackFideId "738590"]
[EventDate "2021.06.21"]

1. e4 c5 2. Nf3 e6 3. d4 cxd4 4. Nxd4 Nf6 5. Nc3 Nc6 6. a3 d6 7. Be3 Be7 8. Bc4
O-O 9. Qe2 a6 10. O-O-O Qc7 11. Bb3 Na5 12. Kb1 b5 13. g4 Nxb3 14. cxb3 b4 15.
axb4 Qb7 16. f3 Bd7 17. g5 Ne8 18. h4 Nc7 19. h5 Qxb4 20. g6 Bf6 21. gxh7+ Kh8
22. Qd2 Rab8 23. h6 g6 24. Bg5 Be5 25. f4 Bxd4 26. Qxd4+ Qxd4 27. Rxd4 d5 28.
Be7 Rfc8 29. f5 exf5 30. exd5 Nb5 31. Nxb5 axb5 32. d6 Kxh7 33. Re1 Re8 34. Rc1
Rbc8 35. Rc7 Be6 36. d7 Bxd7 37. Rcxd7 Kxh6 38. Bb4 g5 39. Rxf7 Kg6 40. Rdd7 f4
41. Rg7+ Kh6 42. Rh7+ Kg6 43. Rdg7+ Kf5 44. Rh5 Ke4 45. Rgxg5 f3 46. Rf5 Red8
47. Re5+ Kf4 48. Rhf5+ Kg4 49. Rg5+ Kf4 50. Bc5 Rd1+ 51. Kc2 Rd7 52. Ref5+ Ke4
53. b4 Rdd8 54. Rf7 Re8 55. Rg4+ Kd5 56. Rxf3 1-0

[Event "GCT 2021 Parigi - Blitz"]
[Site "Parigi"]
[Date "21.06.2021"]
[Round "9B"]
[White "Aronian, Levon"]
[Black "Vachier-Lagrave, Maxime"]
[Result "0-1"]
[WhiteTitle "GM"]
[BlackTitle "GM"]
[WhiteElo "2781"]
[BlackElo "2760"]
[WhiteFideId "13300474"]
[BlackFideId "623539"]
[EventDate "2021.06.21"]

1. d4 Nf6 2. Nf3 g6 3. c4 Bg7 4. g3 O-O 5. Bg2 c5 6. d5 e6 7. Nc3 exd5 8. cxd5
d6 9. O-O Bf5 10. Nd2 Na6 11. e4 Bg4 12. f3 Bd7 13. Nc4 Ne8 14. a4 Nb4 15. Re1
a6 16. a5 Bb5 17. Bf1 Bxc4 18. Bxc4 Nf6 19. Kg2 Nd7 20. f4 Re8 21. Ra3 b5 22.
axb6 Nxb6 23. Bf1 Qd7 24. Be3 Qb7 25. Bf2 Re7 26. Be2 Rae8 27. Bf3 Nc4 28. Rb3
Nxb2 29. Qd2 N2d3 30. Reb1 Nxf2 31. Qxf2 a5 32. e5 dxe5 33. d6 e4 34. dxe7 exf3+
35. Qxf3 Qxe7 36. R3b2 Qd7 37. Rd1 Bd4 38. Re2 a4 39. Rxe8+ Qxe8 40. Ne4 Qc6 41.
Nd2 Qe6 42. Kf1 a3 43. Qxa3 Qh3+ 0-1

[Event "GCT 2021 Parigi - Blitz"]
[Site "Parigi"]
[Date "21.06.2021"]
[Round "9B"]
[White "Kramnik, Vladimir"]
[Black "Radjabov, Teimour"]
[Result "0-1"]
[WhiteTitle "GM"]
[BlackTitle "GM"]
[WhiteElo "2753"]
[BlackElo "2765"]
[WhiteFideId "4101588"]
[BlackFideId "13400924"]
[EventDate "2021.06.21"]

1. e4 e6 2. d4 d5 3. e5 c5 4. c3 Nc6 5. Nf3 Qb6 6. Be2 Bd7 7. O-O Nh6 8. Bxh6
gxh6 9. Qd2 a6 10. Na3 Rg8 11. Nc2 h5 12. Rab1 a5 13. Rfd1 Be7 14. c4 dxc4 15.
dxc5 Qc7 16. Na3 Bxc5 17. Nxc4 Rd8 18. Rbc1 Rg7 19. Qh6 Kf8 20. Ng5 Kg8 21. Bd3
Nxe5 22. Bxh7+ Kf8 23. Ne4 Nxc4 24. b3 Bc6 25. bxc4 Ba3 26. Rb1 Be7 27. Rxd8+
Qxd8 28. Re1 Qd4 0-1

[Event "GCT 2021 Parigi - Blitz"]
[Site "Parigi"]
[Date "21.06.2021"]
[Round "9B"]
[White "Firouzja, Alireza"]
[Black "Caruana, Fabiano"]
[Result "0-1"]
[WhiteTitle "GM"]
[BlackTitle "GM"]
[WhiteElo "2759"]
[BlackElo "2820"]
[WhiteFideId "12573981"]
[BlackFideId "2020009"]
[EventDate "2021.06.21"]

1. e4 e5 2. Nf3 Nc6 3. Bc4 Nf6 4. d3 h6 5. c3 Bc5 6. Nbd2 d6 7. O-O O-O 8. h3
Bb6 9. Bb3 Ne7 10. Re1 Ng6 11. Nf1 Re8 12. Ng3 Be6 13. Bc2 d5 14. exd5 Bxd5 15.
Ne4 Qe7 16. Nh2 Rad8 17. Qf3 Nxe4 18. dxe4 Be6 19. Ng4 Qh4 20. Ne3 Nf4 21. Nf5
Qh5 22. Qxh5 Nxh5 23. Bb3 Nf4 24. g3 Nxh3+ 25. Kg2 Nxf2 26. Re2 Ng4 27. Kf3 h5
28. Bg5 f6 29. Bd2 Bxb3 30. axb3 Rd3+ 31. Kg2 Kf7 32. Rh1 g6 33. Nh4 Nf2 34. Rf1
Nxe4 35. Be1 Re3 36. Rc2 Rd8 37. Nf3 Ke6 38. c4 Rxb3 39. Nh4 Bd4 40. Re2 Rxb2 0-1

[Event "GCT 2021 Parigi - Blitz"]
[Site "Parigi"]
[Date "21.06.2021"]
[Round "9B"]
[White "So, Wesley"]
[Black "Nepomniachtchi, Ian"]
[Result "1/2-1/2"]
[WhiteTitle "GM"]
[BlackTitle "GM"]
[WhiteElo "2770"]
[BlackElo "2792"]
[WhiteFideId "5202213"]
[BlackFideId "4168119"]
[EventDate "2021.06.21"]

1. d4 e6 2. c4 Nf6 3. Nf3 d5 4. Nc3 Bb4 5. Qa4+ Nc6 6. e3 O-O 7. Bd2 dxc4 8.
Bxc4 Bd6 9. Qc2 e5 10. dxe5 Nxe5 11. Nxe5 Bxe5 12. f4 Bxc3 13. Bxc3 Ng4 14. Bd4
c5 15. Bxc5 Re8 16. O-O Nxe3 17. Bxe3 Rxe3 18. Rfe1 Rxe1+ 19. Rxe1 Qd4+ 20. Qf2
Qxf2+ 21. Kxf2 Kf8 22. Bd5 Bd7 23. Re3 Rc8 24. Bxb7 Rb8 25. Rb3 Ba4 26. Ra3 Rxb7
27. Rxa4 Rxb2+ 28. Kf3 Rb7 29. g4 g6 30. h4 Kg7 31. Ra6 h5 32. gxh5 gxh5 33. Ra5
Kg6 34. a4 Rb3+ 35. Ke4 Rb4+ 36. Kf3 Rb3+ 37. Ke4 Rb4+ 38. Kf3 1/2-1/2

[Event "GCT 2021 Parigi - Blitz"]
[Site "Parigi"]
[Date "22.06.2021"]
[Round "10B"]
[White "Rapport, Richard"]
[Black "Nepomniachtchi, Ian"]
[Result "1/2-1/2"]
[WhiteTitle "GM"]
[BlackTitle "GM"]
[WhiteElo "2763"]
[BlackElo "2792"]
[WhiteFideId "738590"]
[BlackFideId "4168119"]
[EventDate "2021.06.21"]

1. Nf3 d5 2. d4 Nf6 3. c4 e6 4. Nc3 Bb4 5. Bg5 h6 6. Bxf6 Qxf6 7. Qa4+ Nc6 8. e3
O-O 9. Rc1 Rd8 10. Be2 dxc4 11. Bxc4 Bxc3+ 12. bxc3 Bd7 13. Be2 Be8 14. Qb3 Na5
15. Qa3 b6 16. O-O c5 17. dxc5 Qe7 18. Nd4 Qxc5 19. Qxc5 bxc5 20. Nb3 Nxb3 21.
axb3 Rd2 22. Bc4 Rb8 23. Ra1 Bb5 24. Rxa7 Bxc4 25. bxc4 Rb3 26. Rc7 Rxc3 27.
Rxc5 Rdc2 28. g3 Rxc4 29. Rxc4 Rxc4 30. Kh1 Kh7 31. Kg1 Kg8 32. Kh1 Kh7 33. Kg1 1/2-1/2